Joueurs du Top 14 qui ont réalisés plus de 150 matchs - Statistiques

Statistiques générales
  • Ce quiz a été pris 56 fois
  • Le résultat moyen est 25 sur 58
Statistiques - réponses
Club actuel Club avec qui le joueur a réalisé ses 150 matchs Nombre de matchs Poste du joueur Nationalité Réponse % Correct
Stade Toulousain Stade Toulousain 172 Talonneur Français Julien MARCHAND
86%
Stade Toulousain Stade Toulousain 177 Pilier Gauche Français Cyril BAILLE
74%
Stade Toulousain Stade Toulousain 163 Troisième ligne aile Français François CROS
71%
Stade Toulousain Stade Toulousain 179 Pilier Droit Français Dorian ALDEGHERI
67%
Stade Rochelais Stade Rochelais 296 Pilier Droit Français/nouvelle Zélande Uini ATONIO
67%
Castres Olympique Castres Olympique 153 3ème ligne Français Mathieu BABILLOT
62%
Stade Rochelais Stade Rochelais 199 Troisième ligne aile / centre Fidjien Levani BOTIA
62%
Stade Rochelais Stade Français Paris 186 Centre Français Jonathan DANTY
60%
UBB Bordeaux UBB Bordeaux 150 Pilier Gauche Français Jefferson POIROT
60%
Racing 92 Racing 92 158 Talonneur Français Camille CHAT
57%
Aviron Bayonnais Clermont Ferrand 173 Demi d'ouverture Français Camille LOPEZ
57%
Aviron Bayonnais Racing 92 236 Demi de mêlée Français Maxime MACHENAUD
57%
ASM Clermont Castres Olympique 178 Demi d'ouverture Argentin Benjamín URDAPILLETA
55%
Castres Olympique Castres Olympique 240 Arrière Français Julien DUMORA
55%
Racing 92 Racing 92 388 Centre Français Henry CHAVANCY
52%
RCT Toulon Ospreys 221 Demi d'ouverture Gallois Dan BIGGAR
50%
UBB Bordeaux UBB Bordeaux 208 Demi de mêlée Français Yann LESGOURGUES
50%
LOU Rugby Lyon LOU Rugby Lyon 155 Demi de mêlée Français Baptiste COUILLOUD
48%
Stade Rochelais Exeter Chiefs 165 Ailier/centre Anglais Jack NOWELL
48%
Racing 92 Racing 92 230 Ailier Argentin Juan IMHOFF
48%
ASM Clermont Stade Toulousain 169 Demi de mêlée Français Sébastien BEZY
48%
MHR Montpellier MHR Montpellier 155 Seconde ligne France/Afrique du sud Paul WILLEMSE
45%
ASM Clermont Stade Français Paris 187 Pilier Droit Français Rabah SLIMANI
45%
Stade Français Paris Castres Olympique 280 Demi de mêlée Afrique du Sud/Français Rory KOCKOTT
45%
Castres Olympique Castres Olympique 203 Ailier Français Geoffrey PALIS
43%
RCT Toulon Stade Français Paris 195 Centre Fidjien Waisea NAYACALEVU
43%
ASM Clermont ASM Clermont 246 Troisième ligne centre Nouvelle-Zélande/Samoa Fritz LEE
43%
Stade Français Paris Stade Français Paris 165 Pilier Nouvelle-Zélande/Samoa Paul ALO-EMILE
43%
ASM Clermont ASM Clermont 152 Troisième ligne aile Fidjien Peceli YATO
43%
LOU Rugby Lyon RCT Toulon 153 Seconde ligne Français Romain TAOFIFENUA
43%
Stade Français Paris Stade Français Paris 217 Seconde ligne Français Paul GABRILLAGUES
40%
Section paloise Section paloise 250 Demi de mêlée Français Thibault DAUBAGNA
40%
UBB Bordeaux UBB Bordeaux 217 Talonneur Français Clément MAYNADIER
38%
UBB Bordeaux UBB Bordeaux 166 Seconde ligne Français Cyril CAZEAUX
38%
Castres Olympique Castres Olympique 200 Pilier Gauche Français Antoine TICHIT
38%
Stade Français Paris Harlequins FC 152 Centre Anglais Joe MARCHANT
38%
Section paloise Exeter Chiefs 170 Demi d'ouverture Anglais Joe SIMMONDS
38%
ASM Clermont Stade Français Paris 195 Demi d'ouverture Français Jules PLISSON
38%
Racing 92 Racing 92 216 Pilier gauche/Talonneur Français Eddy BEN AROUS
36%
Aviron Bayonnais Aviron Bayonnais 248 Demi de mêlée Français Guillaume ROUET
36%
LOU Rugby Lyon LOU Rugby Lyon 204 Arrière Nouvelle Zélande Toby ARNOLD
36%
Section paloise Section paloise 171 Talonneur Français Lucas REY
33%
ASM Clermont ASM Clermont 189 Seconde ligne Français Paul JEDRASIAK
33%
Racing 92 Racing 92 196 Troisième ligne aile Français Wenceslas LAURET
33%
USAP Perpignan USAP Perpignan 162 Ailier Français Mathieu ACEBES
31%
USAP Perpignan USAP Perpignan 248 Demi de mêlée Français Tom ECOCHARD
31%
MHR Montpellier Stade Toulousain 156 Talonneur Français Christopher TOLOFUA
29%
LOU Rugby Lyon Stade Toulousain 166 Demi de mêlée Français Jean-Marc DOUSSAIN
29%
Racing 92 London Wasps 165 Ailier Anglais Christian WADE
26%
Section paloise Section paloise 160 Seconde ligne Français Fabrice METZ
26%
USAP Perpignan RCT Toulon 177 Pilier Gauche Français Xavier CHIOCCI
26%
ASM Clermont ASM Clermont 180 Pilier Gauche Français Étienne FALGOUX
24%
Section paloise Section paloise 189 centre Fidjien Jale VATUBUA
24%
Racing 92 Racing 92 160 Troisième ligne aile Français Baptiste CHOUZENOUX
21%
Oyonnax Rugby Oyonnax Rugby 156 Talonneur Français Benjamin GELEDAN
19%
LOU Rugby Lyon LOU Rugby Lyon 200 Centre/Ailier Français Thibaut REGARD
17%
Oyonnax Rugby Oyonnax Rugby 167 Pilier Gauche Français Tommy RAYNAUD
14%
USAP Perpignan MHR Montpellier 178 Troisième ligne aile Français Kélian GALLETIER
10%
Aucun quiz correspondant
Distribution des résultats
% des personnes avec chaque résultat
Percentile par nombre de réponses
Votre historique - résultats
Vous n’avez pas pris ce quiz